00997nam a22002417ia450000100060000000300050000600500170001100800410002801500150006904000320008404100190011608200160013508200160015124501420016726000380030930000260034750001610037354600230053460000360055765500320059377401180062585200120074385844ItRI20260429122851.0260429s1973 it |||||| ||||| |ita|c 2ITa762979 bitaaM-RABAcM-RABAdM-RABA 7aita2ISO-639-2 a720.945217 a720.94521800aMostra vanvitelliana b: catalogo dei documenti e dei modelli : Napoli, Palazzo Reale, 5 novembre 1973-13 gennaio 1974c/ Banco di Napoli aNapolib: Banco di Napolic, 1973 a48 p. :bil. ;c24 cm aEn port.: Istituto di storia dell'architettura dell'Universita di Napoli; Soprintendenza alle gallerie della Campania; Archivio storico del Banco di Napoli. aTexto en italiano.17aVanvitelli, Luigi (d1700-1773) 4aCatálogos de exposiciones0 wIT\ICCU\NAP\0244564tModelli architettonici della raccolta vanvitelliana di Casertag2aFiengo, Giuseppe (1937- ) jF-16115